|
|
|
|
| LEADER |
006420000a22002050004500 |
| 005 |
20200217202958.0 |
| 060 |
|
|
|a 100
|
| 245 |
|
|
|a Twentieth century interpretations of a portrait of the artist as a young man : a collection of critical essays
|
| 260 |
|
|
|a New Jersey :
|b Prentice Hall,
|
| 440 |
|
|
|a 1968
|
| 300 |
|
|
|a 124
|
| 100 |
|
|
|a Schutte
|b William M
|f Editor
|
| 650 |
|
|
|a Eliot - English fiction
|
| 041 |
|
|
|a eng
|
| 050 |
|
|
|a 010
|
| 022 |
|
|
|a 5527
|c AV
|
| 082 |
|
|
|a 823
|d SCH
|
| 942 |
|
|
|c BK
|
| 999 |
|
|
|c 271770
|d 271770
|
| 952 |
|
|
|0 0
|1 0
|4 0
|6 823_000000000000000_SCH
|7 0
|9 288852
|a ENG
|b ENG
|d 2019-09-23
|l 0
|o 823 SCH
|p ENG5527
|r 2019-09-23
|w 2019-09-23
|y BK
|